000 00804nam a2200265Ia 4500
001 Para_1951
003 CHAP
008 220125s1995 xx 000 0 und d
010 _a200558
040 _cCHAP
082 _aPA 378.242 U5
110 2 _aUniversidad Autónoma Chapingo
_9143749
245 _aResúmenes de artículos científicos de tesis presentadas enero-juli
260 _aChapingo, Méx. :
_b La universidad
300 _a339 p.
440 _aCompendio técnico científico; 3
_9165424
650 _aTesis
_x sumarios
_9112469
901 _aPA 378.242 U5
902 _aA
905 _a0000001995 0000000000 00
910 _a1995
942 _cPARA
942 _cPARA
_d1
999 _c200558
_d200558